The million dollar goal / (Record no. 2638)

MARC details
000 -LEADER
fixed length control field 01194cam a22003017a 4500
001 - CONTROL NUMBER
control field 2638
003 - CONTROL NUMBER IDENTIFIER
control field FISKH
005 - DATE AND TIME OF LATEST TRANSACTION
control field 20250814142501.0
008 - FIXED-LENGTH DATA ELEMENTS--GENERAL INFORMATION
fixed length control field 040827s2003 nyu 000 0 eng
010 ## - LIBRARY OF CONGRESS CONTROL NUMBER
LC control number 2004302346
020 ## - INTERNATIONAL STANDARD BOOK NUMBER
International Standard Book Number 9780786818839
020 ## - INTERNATIONAL STANDARD BOOK NUMBER
International Standard Book Number 0786818832 (hbk.)
035 ## - SYSTEM CONTROL NUMBER
System control number (OCoLC)ocm52632845
040 ## - CATALOGING SOURCE
Original cataloging agency UBY
Transcribing agency UBY
Modifying agency TEF
-- OCLCQ
-- DLC
Language of cataloging eng
050 00 - LIBRARY OF CONGRESS CALL NUMBER
Classification number MLCS 2011/42311 (P)
082 ## - DEWEY DECIMAL CLASSIFICATION NUMBER
Classification number 813.54
100 1# - MAIN ENTRY--PERSONAL NAME
Personal name Gutman, Dan.
245 14 - TITLE STATEMENT
Title The million dollar goal /
Statement of responsibility, etc. Dan Gutman.
260 ## - PUBLICATION, DISTRIBUTION, ETC.
Place of publication, distribution, etc. New York :
Name of publisher, distributor, etc. Hyperion Books For Children,
Date of publication, distribution, etc. 2003.
300 ## - PHYSICAL DESCRIPTION
Extent 167 pages ;
Dimensions 22 cm
505 ## - FORMATTED CONTENTS NOTE
Formatted contents note R<br/>
520 ## - SUMMARY, ETC.
Summary, etc. Brother and sister twins, Dawn and Dusk, love hockey. Unfortunately, their dad hates the game, and their grandmother thinks they ought to be doing their homework. But, when their dad gets free tickets to a Canadiens game, he takes the whole family. The lucky fan who will get a chance to take a shot on goal for one million dollars will be chosen at the end of the game.
521 8# - TARGET AUDIENCE NOTE
Target audience note 720<br/>
Source Lexile<br/>
521 8# - TARGET AUDIENCE NOTE
Target audience note R<br/>
Source Raz-Plus<br/>
650 ## - SUBJECT ADDED ENTRY--TOPICAL TERM
Topical term or geographic name entry element Hockey sports
Form subdivision Juvenile literature
906 ## - LOCAL DATA ELEMENT F, LDF (RLIN)
a 7
b cbc
c orignew
d 4
e ncip
f 20
g y-gencatlg
942 ## - ADDED ENTRY ELEMENTS (KOHA)
Source of classification or shelving scheme Dewey Decimal Classification
Koha item type Books
Suppress in OPAC No
Holdings
Withdrawn status Lost status Source of classification or shelving scheme Damaged status Not for loan Collection Home library Current library Shelving location Date acquired Total Checkouts Full call number Barcode Date last seen Price effective from Koha item type Copy number
    Dewey Decimal Classification     Juvenile Fiction Footprints International School Library Network Toul Kork Campus Footprints International School Library Network Toul Kork Campus TK Primary Library Room(4th Floor), Bookcase 5&6, Shelves 33-56, Orange Books 01/08/2024   GUT Fic PZ7.G9846 FISTK00039 01/08/2024 01/08/2024 Books  
    Dewey Decimal Classification     Juvenile Fiction Footprints International School Library Network Toul Tom Poung Campus Footprints International School Library Network Toul Tom Poung Campus TTP Primary Orange Bookshelves 08/14/2025   GUT Fic PZ7.G9846 FIS02793 08/14/2025 08/14/2025 Books 2